Normal view
MARC view
- بار، رافي... واخرون
Entry Personal Name
001 - CONTROL NUMBER
- control field: 35739
003 - CONTROL NUMBER IDENTIFIER
- control field: JO-AjAnu
005 - DATE AND TIME OF LATEST TRANSACTION
- control field: 20230606075956.0
008 - FIXED-LENGTH DATA ELEMENTS
- fixed length control field: 230606|| aca||aabn | a|a d
040 ## - CATALOGING SOURCE
- Original cataloging agency: JO-AjAnu
- Transcribing agency: JO-AjAnu
100 ## - HEADING--PERSONAL NAME
- Personal name: بار، رافي... واخرون
670 ## - SOURCE DATA FOUND
- Source citation: Work cat.: (JO-AjAnu)18352: بار، رافي... واخرون, author, اسرائيل 2020 الخطة الشاملة لاسرائيل في سنوات الألفين: سينارو شامل اسرائيل في اجواء السلام